[Event "Montreal op U1600"]
[Site "Montreal"]
[Date "2009.09.12"]
[Round "1"]
[White "Mauricio Delgado, Erick"]
[Black "Miron, Gilles"]
[Result "1-0"]
[WhiteElo "1575"]
[BlackElo "1360"]
[PlyCount "97"]
[EventDate "2009.09.11"]
[EventType "swiss"]
[EventRounds "5"]
[EventCountry "CAN"]
[SourceTitle "EXT 2011"]
[Source "ChessBase"]
[SourceDate "2010.11.26"]
[SourceVersion "1"]
[SourceVersionDate "2010.11.26"]
[SourceQuality "1"]

1. d4 Nf6 2. Bg5 h6 3. Bh4 d5 4. e3 Bf5 5. Nf3 c6 6. Bd3 Bg4 7. 0-0 Nbd7 8. h3 Bh5 9. g4 Nxg4 10. hxg4 Bxg4 11. Nbd2 g5 12. Bg3 h5 13. Be2 e6 14. Ne5 Bxe2 15. Qxe2 Nxe5 16. Bxe5 f6 17. Bh2 Qd7 18. c4 Bd6 19. Bxd6 Qxd6 20. cxd5 exd5 21. Nb3 0-0-0 22. Qd3 Qe6 23. Rfc1 Qg4+ 24. Kf1 h4 25. Ke1 Qf3 26. Nd2 Qh1+ 27. Qf1 Qxf1+ 28. Kxf1 g4 29. Kg2 f5 30. Rh1 Rdg8 31. Rh2 g3 32. Rh3 gxf2+ 33. Kxf2 Rg4 34. Rah1 Kd7 35. Nf3 Ke6 36. Rxh4 Rhxh4 37. Rxh4 Kf6 38. Rh7 Rg7 39. Rxg7 Kxg7 40. Kg3 Kf7 41. Kf4 Kf6 42. Nh4 Ke6 43. Nxf5 Kf6 44. Nd6 b5 45. Nc8 a6 46. Na7 Ke6 47. Nxc6 Kd6 48. Na5 Ke6 49. Nb7 1-0